[Event "Najdorf Mem Open A 2016"]
[Site "Warsaw POL"]
[Date "2016.07.12"]
[Round "5.11"]
[White "Tabatabaei, M.amin"]
[Black "Oleksiyenko, Mykhaylo"]
[Result "1-0"]
[WhiteTitle "IM"]
[BlackTitle "GM"]
[WhiteElo "2481"]
[BlackElo "2615"]
[WhiteFideId "12521213"]
[BlackFideId "4152417"]
[EventDate "2016.07.08"]

1. d4 Nf6 2. c4 g6 3. Nc3 Bg7 4. e4 d6 5. Nf3 O-O 6. h3 e5 7. d5 Nh5 8. g3 Na6
9. Be3 Nc5 10. Be2 a5 11. Nd2 Nf6 12. g4 Nfd7 13. Qc2 a4 14. a3 c6 15. h4 Qa5
16. O-O-O h6 17. Kb1 Re8 18. h5 g5 19. f3 Rb8 20. Na2 cxd5 21. cxd5 b5 22. Nb4
Bb7 23. Rc1 Rec8 24. Qd1 Na6 25. Rxc8+ Rxc8 26. Nxa6 Bxa6 27. Nf1 Nc5 28. Ng3
Nb3 29. Nf5 Bf8 30. Qe1 Qc7 31. Bd3 Nc5 32. Be2 Nb3 33. Ka2 Rb8 34. Qc3 Nc5 35.
Re1 Bc8 36. Rc1 Bxf5 37. gxf5 Be7 38. f6 Bxf6 39. Bxc5 dxc5 40. Qxc5 Qxc5 41.
Rxc5 b4 42. d6 bxa3 43. bxa3 Rb3 44. d7 Re3 45. Bd1 Rd3 46. Bxa4 Kg7 47. Rc8 Be7
48. Kb2 Rxf3 49. d8=Q Rf2+ 50. Kc3 Bxd8 51. Rxd8 g4 52. Rd2 Rf4 53. Bc6 Kf6 54.
a4 Kg5 55. a5 Rf3+ 56. Kb2 Rh3 57. a6 g3 58. a7 Rh2 59. Kc3 1-0

[Event "Najdorf Mem Open A 2016"]
[Site "Warsaw POL"]
[Date "2016.07.12"]
[Round "5.12"]
[White "Aryan, Chopra"]
[Black "Krasenkow, Michal"]
[Result "0-1"]
[WhiteTitle "IM"]
[BlackTitle "GM"]
[WhiteElo "2483"]
[BlackElo "2614"]
[WhiteFideId "5084423"]
[BlackFideId "1113100"]
[EventDate "2016.07.08"]

1. e4 d6 2. d4 Nf6 3. Bd3 e5 4. c3 c6 5. f4 Be7 6. Nf3 Nbd7 7. O-O O-O 8. fxe5
dxe5 9. Nbd2 b5 10. Re1 Qb6 11. Nf1 c5 12. Ne3 cxd4 13. cxd4 Bb4 14. Bd2 Bxd2
15. Qxd2 exd4 16. Nf5 Nc5 17. e5 Nd5 18. N5xd4 Bg4 19. Kh1 Rad8 20. Bc2 Ne6 21.
Re4 Bxf3 22. Rh4 h6 23. Nxf3 Ne3 24. Qf2 Nxc2 25. Qxc2 Rd5 26. Re4 Rfd8 27. Rae1
Nc5 28. R4e2 Nd3 29. Rf1 Qe6 30. Rd2 Nxe5 31. Rxd5 Rxd5 32. Nxe5 Rxe5 33. a3 Re2
34. Qc3 Qd5 35. Rg1 f5 36. h3 f4 37. b4 Kh7 38. Qc7 f3 39. Qg3 Rxg2 40. Rxg2
fxg2+ 41. Kg1 Qf5 42. Kxg2 Qg6 0-1

[Event "Najdorf Mem Open A 2016"]
[Site "Warsaw POL"]
[Date "2016.07.12"]
[Round "5.13"]
[White "Romanishin, Oleg M"]
[Black "Jumabayev, Rinat"]
[Result "0-1"]
[WhiteTitle "GM"]
[BlackTitle "GM"]
[WhiteElo "2433"]
[BlackElo "2613"]
[WhiteFideId "14100088"]
[BlackFideId "13702661"]
[EventDate "2016.07.08"]

1. d4 Nf6 2. Nf3 g6 3. g3 c5 4. Bg2 Qa5+ 5. Nbd2 cxd4 6. O-O Bg7 7. Nb3 Qc7 8.
Nbxd4 O-O 9. Nb5 Qd8 10. c4 d6 11. Be3 Nc6 12. h3 a6 13. Nc3 Rb8 14. Rc1 b5 15.
c5 dxc5 16. Bxc5 Bb7 17. a3 Nd7 18. Be3 Na5 19. b3 Rc8 20. Na2 Rxc1 21. Nxc1 Qc7
22. Bd2 Rd8 23. Qe1 Nc6 24. Nd3 e5 25. e4 Qd6 26. Nb4 Nc5 27. Nxc6 Qxc6 28. b4
Nd3 29. Qb1 Rd6 30. Be3 Qc3 31. Ne1 Qxa3 32. Nxd3 Qxd3 33. Qxd3 Rxd3 34. Rc1 Rd7
35. h4 Bf8 36. Bh3 Rd8 37. Bg5 Rb8 38. Bf6 Bxe4 39. Bxe5 Re8 40. Bc3 Bf3 41. Ra1
Re2 42. Rc1 Re4 43. Bf1 Re6 44. Bd2 Rd6 45. Be1 Rc6 46. Ra1 f5 47. Ra3 Be4 48.
f3 Bd5 49. Rd3 Be6 50. Rd8 Rc8 51. Rxc8 Bxc8 52. Bd3 Kf7 53. Bc2 Bg7 54. Kf2
Bd4+ 55. Ke2 Be6 56. Kd3 Bb6 57. Kc3 Kf6 58. Bd2 Bd5 59. Bd1 Bf2 60. Bf4 Be1+
61. Kd4 Ke6 62. g4 Bxh4 63. Be3 Be7 0-1

[Event "Najdorf Mem Open A 2016"]
[Site "Warsaw POL"]
[Date "2016.07.12"]
[Round "5.15"]
[White "Nguyen, Piotr"]
[Black "Ivanisevic, Ivan"]
[Result "1-0"]
[WhiteTitle "IM"]
[BlackTitle "GM"]
[WhiteElo "2430"]
[BlackElo "2656"]
[WhiteFideId "1127993"]
[BlackFideId "912417"]
[EventDate "2016.07.08"]

1. c4 e5 2. Nc3 Nc6 3. Nf3 f5 4. d4 e4 5. Ng5 Bb4 6. g3 Qf6 7. a3 Bxc3+ 8. bxc3
b6 9. Bg2 Ba6 10. Qa4 Na5 11. f3 e3 12. f4 O-O-O 13. c5 Ne7 14. O-O h6 15. Nf3
Qe6 16. Ne5 d6 17. cxd6 cxd6 18. Nd3 Qc4 19. Qc2 Rhe8 20. Bxe3 Nd5 21. Bxd5 Qxd5
22. Nb4 Qe4 23. Qxe4 Rxe4 24. Nxa6 Rxe3 25. Kf2 Rde8 26. Rfe1 Rxc3 27. Rec1 Rxc1
28. Rxc1+ Kb7 29. Nb4 Nb3 30. Rd1 a5 31. Nd5 Kc6 32. Ne3 g6 33. Rd3 a4 34. Rc3+
Kb7 35. Nd5 Nd2 36. Rc7+ Ka6 37. Rc2 Ne4+ 38. Kf3 Rb8 39. g4 Rf8 40. Rb2 Ka5 41.
gxf5 gxf5 42. Nxb6 Ka6 43. Nd5 Rc8 44. Rb4 Rc1 45. Rxa4+ Kb5 46. Rb4+ Ka5 47.
Rb8 Rf1+ 48. Ke3 Rh1 49. Kd3 Rd1+ 50. Ke3 Rh1 51. Ne7 Rxh2 52. Nxf5 d5 53. Kd3
Rh3+ 54. Kc2 h5 55. Rd8 Rc3+ 56. Kb2 Ka4 57. Ra8+ Kb5 58. Nd6+ 1-0

[Event "Najdorf Mem Open A 2016"]
[Site "Warsaw POL"]
[Date "2016.07.12"]
[Round "5.16"]
[White "Zhigalko, Sergei"]
[Black "Yankelevich, Lev"]
[Result "1-0"]
[WhiteTitle "GM"]
[WhiteElo "2653"]
[BlackElo "2415"]
[WhiteFideId "13502956"]
[BlackFideId "24684074"]
[EventDate "2016.07.08"]

1. e4 c5 2. Nf3 e6 3. d4 cxd4 4. Nxd4 Nc6 5. Nc3 Qc7 6. Be3 a6 7. Qf3 Ne5 8. Qg3
h5 9. f3 h4 10. Qf2 Bb4 11. Nb3 Nf6 12. O-O-O b5 13. Bb6 Qb8 14. Bc5 Bxc5 15.
Qxc5 Rh5 16. Qf2 Ng6 17. Kb1 d6 18. Be2 Bd7 19. f4 Rh8 20. Bf3 e5 21. f5 Ne7 22.
g4 b4 23. Ne2 Bb5 24. g5 Nd7 25. Rhg1 a5 26. Rg4 Qb6 27. Qxb6 Nxb6 28. Rxd6 Nc4
29. Rd3 a4 30. Nc5 Rd8 31. Rxd8+ Kxd8 32. Kc1 g6 33. f6 Nc6 34. b3 axb3 35. axb3
Nb6 36. c4 bxc3 37. Nxc3 Nd4 38. Bd1 Kc7 39. Nxb5+ Nxb5 40. Nd3 Kd6 41. h3 Nd4
42. Kb2 Nd7 43. b4 Ne6 44. Rg2 Ndf8 45. Ne1 Nd4 46. Bb3 Nfe6 47. Bxe6 Kxe6 48.
Rg4 Ne2 49. Nd3 Nd4 50. Kc3 Nf3 51. Rg2 Ra8 52. Kc4 Kd6 53. b5 Ra1 54. b6 Rb1
55. Nb4 Rc1+ 56. Kb5 Nd4+ 57. Ka6 Rb1 58. Nd5 Kc6 59. Ka7 Kb5 60. Nc3+ 1-0

[Event "Najdorf Mem Open A 2016"]
[Site "Warsaw POL"]
[Date "2016.07.12"]
[Round "5.17"]
[White "Skliarov, Viktor"]
[Black "Jones, Gawain C B"]
[Result "1/2-1/2"]
[WhiteTitle "FM"]
[BlackTitle "GM"]
[WhiteElo "2429"]
[BlackElo "2650"]
[WhiteFideId "14106736"]
[BlackFideId "409561"]
[EventDate "2016.07.08"]

1. e4 d6 2. d4 Nf6 3. Nc3 e5 4. Nge2 Be7 5. f3 O-O 6. Be3 exd4 7. Qxd4 Nc6 8.
Qd2 Ne5 9. Nf4 c6 10. Be2 b5 11. b3 a5 12. O-O a4 13. Rfd1 Qa5 14. Bf1 Re8 15.
Nce2 b4 16. Nd4 c5 17. Nf5 Bf8 18. Ng3 axb3 19. cxb3 g6 20. Nd3 Be6 21. Bh6 Bxh6
22. Qxh6 c4 23. bxc4 Nxc4 24. Rab1 Qxa2 25. Rxb4 Rec8 26. h4 Qa7+ 27. Kh1 Ne3
28. Rdb1 Ba2 29. R1b2 Bc4 30. Nf5 Nxf5 31. exf5 Qd4 32. Nf4 Ra1 33. Rb1 Rxb1 34.
Rxb1 Ba2 35. Ne6 Bxe6 36. fxe6 Re8 37. exf7+ Kxf7 38. Rb7+ Re7 39. Rxe7+ Kxe7
40. Qg5 Kf7 41. Kh2 Kg7 42. g3 d5 43. Qc1 Qa7 44. Qd2 d4 45. Bd3 Qb8 46. Kh3 Qd6
47. Qg5 Qe6+ 48. Kg2 Qa2+ 49. Kh3 Qe6+ 50. Kg2 Nd5 51. Be4 Ne3+ 52. Kg1 Qd6 53.
h5 Qc7 54. Kh2 Qd6 55. Kg1 Kf7 56. hxg6+ hxg6 57. Kf2 Nd1+ 58. Ke2 Nc3+ 59. Kd3
Kg7 60. Qxg6+ Qxg6 1/2-1/2

[Event "Najdorf Mem Open A 2016"]
[Site "Warsaw POL"]
[Date "2016.07.12"]
[Round "5.18"]
[White "Bilguun, Sumiya"]
[Black "Dragun, Kamil"]
[Result "1-0"]
[WhiteTitle "FM"]
[BlackTitle "GM"]
[WhiteElo "2419"]
[BlackElo "2623"]
[WhiteFideId "4901541"]
[BlackFideId "1134167"]
[EventDate "2016.07.08"]

1. e4 c5 2. Nf3 d6 3. d4 cxd4 4. Nxd4 Nf6 5. Nc3 a6 6. f4 e6 7. Bd3 b5 8. Qe2
Bb7 9. O-O b4 10. Nd1 Be7 11. Kh1 O-O 12. Nf2 Nbd7 13. Bd2 Qb6 14. c3 a5 15. e5
Nd5 16. Rae1 Nc5 17. Bb1 bxc3 18. bxc3 dxe5 19. fxe5 f5 20. exf6 Nxf6 21. Bg5 e5
22. Nf5 Rae8 23. Ng4 Bd8 24. Be3 Qc6 25. Nxf6+ Bxf6 26. Bxc5 Qxc5 27. Be4 Bc8
28. Nxg7 Re7 29. Nh5 Ref7 30. Qd3 Be6 31. Rxf6 1-0

[Event "Najdorf Mem Open A 2016"]
[Site "Warsaw POL"]
[Date "2016.07.12"]
[Round "5.19"]
[White "Neiksans, Arturs"]
[Black "Lauber, Arnd"]
[Result "1-0"]
[WhiteTitle "GM"]
[BlackTitle "IM"]
[WhiteElo "2614"]
[BlackElo "2444"]
[WhiteFideId "11601388"]
[BlackFideId "4632630"]
[EventDate "2016.07.08"]

1. b3 Nf6 2. Bb2 d5 3. Nf3 e6 4. e3 Be7 5. d4 O-O 6. Bd3 b6 7. O-O Bb7 8. c4
Nbd7 9. Nc3 c5 10. Rc1 cxd4 11. exd4 Ne4 12. Bb1 Nxc3 13. Rxc3 Bf6 14. h4 g6 15.
h5 e5 16. hxg6 hxg6 17. cxd5 Bxd5 18. Re1 Bxf3 19. Rxf3 exd4 20. Bxd4 Bxd4 21.
Qxd4 Rc8 22. Qf4 Rc5 23. Rd1 Rh5 24. Bxg6 fxg6 25. Rxd7 Qc8 26. Rc7 Qd8 27. Qc4+
Qd5 28. Rxf8+ Kxf8 29. Qf4+ Kg8 30. Rc8+ Kh7 31. Qc7+ Kh6 32. Rh8+ Kg5 33. Qe7+
Kg4 34. Qe2+ Kg5 35. Qe3+ Kg4 36. Qg3+ Kf5 37. Rf8+ Ke6 38. Qxg6+ Ke7 39. Qf6+ 1-0

[Event "Najdorf Mem Open A 2016"]
[Site "Warsaw POL"]
[Date "2016.07.12"]
[Round "5.20"]
[White "Nasuta, Grzegorz"]
[Black "Hracek, Zbynek"]
[Result "1-0"]
[WhiteTitle "IM"]
[BlackTitle "GM"]
[WhiteElo "2417"]
[BlackElo "2605"]
[WhiteFideId "1141686"]
[BlackFideId "300071"]
[EventDate "2016.07.08"]

1. e4 c5 2. Nf3 d6 3. d4 cxd4 4. Nxd4 Nf6 5. Nc3 a6 6. Be3 e5 7. Nb3 Be6 8. f3
h5 9. Qd2 Nbd7 10. Nd5 Bxd5 11. exd5 g6 12. Be2 Bg7 13. O-O O-O 14. Rac1 b6 15.
c4 Nh7 16. Na1 f5 17. Nc2 Bf6 18. b4 Bg5 19. f4 exf4 20. Bxf4 Re8 21. Nd4 Bxf4
22. Qxf4 Qg5 23. Qxd6 Qe3+ 24. Kh1 Qxd4 25. Qxg6+ Kh8 26. Bxh5 Ndf6 27. Bf3 Ne4
28. Bxe4 Rxe4 29. Qxf5 Rf8 30. Qh5 Rxf1+ 31. Rxf1 Qxc4 32. Rf8+ 1-0

[Event "Najdorf Mem Open A 2016"]
[Site "Warsaw POL"]
[Date "2016.07.12"]
[Round "5.21"]
[White "Lindgren, Philip"]
[Black "Socko, Bartosz"]
[Result "0-1"]
[WhiteTitle "IM"]
[BlackTitle "GM"]
[WhiteElo "2411"]
[BlackElo "2599"]
[WhiteFideId "1713230"]
[BlackFideId "1107038"]
[EventDate "2016.07.08"]

1. d4 Nf6 2. c4 g6 3. Nf3 Bg7 4. Nc3 d5 5. Qb3 dxc4 6. Qxc4 O-O 7. e4 Nc6 8. Be2
Bg4 9. e5 Nd7 10. Be3 Nb6 11. Qc5 f6 12. Rd1 Qc8 13. e6 Nd8 14. d5 c6 15. h3
Bxf3 16. Bxf3 cxd5 17. Nxd5 Qxc5 18. Bxc5 Nxe6 19. Nxb6 axb6 20. Bxb6 Rxa2 21.
Bd5 Ra6 22. Be3 Rb8 23. O-O Kf8 24. Rc1 f5 25. b4 Rd6 26. Bxe6 Rxe6 27. Rfd1 Ke8
28. Rd5 Re5 29. Rd2 Rb5 30. Rc4 Rd8 31. Re2 Rd1+ 32. Kh2 Be5+ 33. g3 Bd6 34. Bc5
Kf7 35. Kg2 Rd5 36. Rec2 b6 37. Bxd6 Rxd6 38. Re2 Rbd5 39. Rc7 Re6 40. Ra2 Re4
41. Ra8 Rd2 42. Rh8 Ree2 43. Rxh7+ Kf6 44. Rc6+ e6 45. Kf3 Rxf2+ 46. Ke3 Rfe2+
47. Kf3 Re4 48. Rb7 Rd3+ 49. Kf2 Ree3 50. g4 Rxh3 51. Rbxb6 Rh2+ 52. Kg1 Re2 53.
Kf1 Rdd2 54. b5 fxg4 55. Rb8 g3 56. Rc1 Rb2 57. b6 Rh2 58. Kg1 Rh7 59. Rf8+ Kg5
60. Rb8 g2 0-1

[Event "Najdorf Mem Open A 2016"]
[Site "Warsaw POL"]
[Date "2016.07.12"]
[Round "5.22"]
[White "Menezes, Christoph"]
[Black "Macieja, Bartlomiej"]
[Result "1/2-1/2"]
[WhiteTitle "IM"]
[BlackTitle "GM"]
[WhiteElo "2398"]
[BlackElo "2557"]
[WhiteFideId "1617001"]
[BlackFideId "1104306"]
[EventDate "2016.07.08"]

1. d4 Nf6 2. c4 e6 3. Nc3 Bb4 4. Nf3 b6 5. Qc2 Bb7 6. a3 Bxc3+ 7. Qxc3 d6 8. g3
c5 9. dxc5 bxc5 10. b4 Nc6 11. Be3 cxb4 12. axb4 a5 13. b5 Ne5 14. Bg2 Rc8 15.
Qxa5 Qxa5+ 16. Rxa5 Nxc4 17. Ra7 Nxe3 18. fxe3 Be4 19. O-O O-O 20. Nd4 Bxg2 21.
Kxg2 Nd5 22. Rb1 Nxe3+ 23. Kf3 Rc3 24. Kf2 e5 25. b6 Ng4+ 26. Ke1 exd4 27. b7
Rcc8 28. bxc8=Q Rxc8 29. Rab7 Kf8 30. Rb8 Rxb8 31. Rxb8+ Ke7 32. Rb4 Nxh2 33.
Rxd4 g5 34. g4 Ke6 35. Kf2 Ke5 36. e3 f5 37. gxf5 h5 38. Kg3 Nf1+ 39. Kf2 Nh2
40. f6 Kxf6 41. Rxd6+ Kf5 42. Kg3 1/2-1/2

[Event "Najdorf Mem Open A 2016"]
[Site "Warsaw POL"]
[Date "2016.07.12"]
[Round "5.23"]
[White "Krysztofiak, Marcin"]
[Black "Rozentalis, Eduardas"]
[Result "1/2-1/2"]
[WhiteTitle "IM"]
[BlackTitle "GM"]
[WhiteElo "2384"]
[BlackElo "2552"]
[WhiteFideId "1114751"]
[BlackFideId "12800023"]
[EventDate "2016.07.08"]

1. Nf3 b5 2. e4 Bb7 3. Bxb5 Bxe4 4. O-O Nf6 5. d4 e6 6. c4 Be7 7. Nc3 Bb7 8. a3
O-O 9. Re1 d6 10. Ba4 c6 11. b4 a5 12. c5 axb4 13. axb4 Na6 14. Qb3 Nc7 15. Bf4
Nfd5 16. Nxd5 Nxd5 1/2-1/2

[Event "Najdorf Mem Open A 2016"]
[Site "Warsaw POL"]
[Date "2016.07.12"]
[Round "5.24"]
[White "Kanarek, Marcel"]
[Black "Szczepkowska-Horowska, Karina"]
[Result "0-1"]
[WhiteTitle "IM"]
[BlackTitle "WGM"]
[WhiteElo "2548"]
[BlackElo "2411"]
[WhiteFideId "1126822"]
[BlackFideId "1122681"]
[EventDate "2016.07.08"]

1. e4 e5 2. Nf3 Nc6 3. Bb5 a6 4. Ba4 Nf6 5. O-O Be7 6. Re1 b5 7. Bb3 O-O 8. c3
d6 9. h3 Na5 10. Bc2 c5 11. d4 Qc7 12. Nbd2 Bb7 13. d5 c4 14. Nf1 Bc8 15. Ng3
Nb7 16. Nh2 Nc5 17. f4 g6 18. fxe5 dxe5 19. Bh6 Rd8 20. Qf3 Ne8 21. Rf1 f6 22.
h4 Bf8 23. Bxf8 Kxf8 24. h5 Ra7 25. Rf2 Qg7 26. Qe3 Rc7 27. a4 bxa4 28. Bxa4 Nd3
29. Rf3 Nf4 30. Bxe8 Kxe8 31. Rxf4 exf4 32. Qxf4 Qe7 33. Nf3 Qd6 34. e5 fxe5 35.
Re1 Re7 36. Qg5 Bf5 37. Nxf5 gxf5 38. Qxf5 Qc5+ 39. Kh1 Rxd5 40. Re4 Rf7 41. Qg4
Qd6 42. Qc8+ Ke7 43. Nd4 Qd7 44. Qxa6 Rf6 45. Qxc4 Kf8 46. Ne2 Qf7 47. Qc8+ Kg7
48. Qg4+ Kh6 49. Qg3 Rf5 50. Qe3+ Rg5 51. Ng3 Qf6 52. Rg4 Rd3 53. Qc1 Qd8 54.
Kh2 Rd2 55. Rd4 Rxg2+ 56. Kxg2 exd4 57. cxd4 Qxd4 58. Qc7 Qxb2+ 59. Kh3 Qf6 60.
Qb8 Kg7 61. Qc7+ Kh8 62. Qb8+ Rg8 63. Qb3 Rd8 64. Qe3 Qd4 65. Qf3 Qd7+ 66. Kh2
Qg7 67. Kh3 Rf8 68. Qe3 Qf6 69. Qb3 Qe5 70. Qd3 Rc8 71. Kg2 Qc3 72. Qf1 Qd2+ 73.
Kh3 Qd7+ 74. Kg2 Rc2+ 75. Kh1 Qc6+ 76. Kg1 Rc1 0-1

[Event "Najdorf Mem Open A 2016"]
[Site "Warsaw POL"]
[Date "2016.07.12"]
[Round "5.25"]
[White "Eggink, Ryszard"]
[Black "Golubov, Saveliy"]
[Result "0-1"]
[BlackTitle "IM"]
[WhiteElo "2345"]
[BlackElo "2497"]
[WhiteFideId "1125869"]
[BlackFideId "24176729"]
[EventDate "2016.07.08"]

1. d4 g6 2. c4 Bg7 3. Nf3 Nf6 4. Nc3 O-O 5. e4 d6 6. Be2 Nbd7 7. O-O e5 8. Be3
Re8 9. d5 Nh5 10. Re1 Bf8 11. b4 Ng7 12. Nd2 f5 13. exf5 gxf5 14. f4 exf4 15.
Bxf4 a5 16. bxa5 Be7 17. Nb3 Bf6 18. Rc1 Ne5 19. Nb5 Ng6 20. g3 Nxf4 21. gxf4
Re4 22. Qd2 Bh4 23. Rf1 c5 24. Bf3 Re7 25. Rc3 Ne8 26. Re3 Nf6 27. Kh1 Kh8 28.
Qc3 Qf8 29. Bg2 Rg7 30. Rh3 Ne4 31. Bxe4 Bf6 32. Qe3 fxe4 33. f5 Qe7 34. Nc3 Bd7
35. Qxe4 Qf7 36. Qd3 Be5 37. Ne4 Bxf5 38. Nbd2 Qg6 39. Qf3 Bxh3 0-1

[Event "Najdorf Mem Open A 2016"]
[Site "Warsaw POL"]
[Date "2016.07.12"]
[Round "5.26"]
[White "Martin, Julian"]
[Black "Warakomski, Tomasz"]
[Result "0-1"]
[BlackTitle "IM"]
[WhiteElo "2280"]
[BlackElo "2492"]
[WhiteFideId "12941000"]
[BlackFideId "1124552"]
[EventDate "2016.07.08"]

1. e4 c5 2. Nf3 e6 3. d4 cxd4 4. Nxd4 Nc6 5. Nc3 Qc7 6. g3 a6 7. Bg2 Nf6 8. O-O
Be7 9. Re1 Nxd4 10. Qxd4 Bc5 11. Qd3 Ng4 12. Nd1 d6 13. Qc3 e5 14. h3 Nf6 15.
Be3 Be6 16. b4 Bb6 17. Qxc7 Bxc7 18. Nc3 Rc8 19. Nd5 Bd8 20. Rec1 Rc4 21. Bf1
Rxe4 22. Nc3 Rxb4 23. a3 Rb2 24. Nd1 Ra2 25. Rab1 b5 26. a4 Rxa4 27. c4 Bxc4 28.
Nb2 Bxf1 29. Nxa4 Bxh3 30. Nc3 Be6 31. Bg5 d5 32. Bxf6 gxf6 33. Rd1 d4 34. Ne4
O-O 35. Nc5 Bf5 36. Rb2 Ba5 37. Nxa6 Bg4 38. Rc1 d3 39. Rxb5 d2 40. Rcb1 Rc8 41.
Nc5 Bd8 42. Kg2 d1=Q 43. Rxd1 Bxd1 44. Nb7 Ba4 0-1

[Event "Najdorf Mem Open A 2016"]
[Site "Warsaw POL"]
[Date "2016.07.12"]
[Round "5.27"]
[White "Dastan, Muhammed Batuhan"]
[Black "Deszczynski, Adam"]
[Result "1/2-1/2"]
[WhiteTitle "IM"]
[WhiteElo "2480"]
[BlackElo "2366"]
[WhiteFideId "6300014"]
[BlackFideId "1102753"]
[EventDate "2016.07.08"]

1. Nf3 Nf6 2. g3 g6 3. b3 Bg7 4. Bb2 O-O 5. Bg2 d6 6. d4 e5 7. dxe5 Nfd7 8. Qd2
Nc6 9. Nc3 dxe5 10. O-O-O h6 11. g4 Re8 12. Ne4 Qe7 13. g5 h5 14. Kb1 Nc5 15.
Nf6+ Bxf6 16. gxf6 Qxf6 17. Nxe5 Nxe5 18. f4 Nc4 19. bxc4 Qb6 20. Qd4 f6 21.
Qxf6 Qxf6 22. Bxf6 Rxe2 23. Bf3 Re8 24. Bd4 Ne4 25. Rhg1 Kf7 26. Kb2 Bf5 27. Be5
Rad8 28. Bxc7 Rc8 29. Be5 Rxc4 30. c3 Rcc8 31. Rd4 Nc5 32. Rgd1 b6 33. h4 Re7
34. Be2 Be6 35. Bd6 Ree8 36. Bb5 Bd7 37. Bc4+ Be6 38. Bf1 Bf5 39. Be5 Re7 40.
Be2 Be6 41. R1d2 Bf5 42. Bd1 Ree8 43. Bf3 Re7 44. Bg2 Ree8 45. Rd1 Re7 46. Bf1
Be6 47. Be2 Bf5 48. Bb5 Bg4 49. R1d2 Bf5 50. Bc4+ Be6 51. Be2 Bf5 52. Bc4+ Be6
53. Be2 1/2-1/2

[Event "Najdorf Mem Open A 2016"]
[Site "Warsaw POL"]
[Date "2016.07.12"]
[Round "5.28"]
[White "Nebolsina, Vera"]
[Black "Smirnov, Anton"]
[Result "0-1"]
[WhiteTitle "WGM"]
[BlackTitle "IM"]
[WhiteElo "2226"]
[BlackElo "2478"]
[WhiteFideId "4163591"]
[BlackFideId "3208923"]
[EventDate "2016.07.08"]

1. Nf3 d5 2. g3 c6 3. Bg2 Bg4 4. d4 Nd7 5. O-O e6 6. Nbd2 Ngf6 7. Re1 Be7 8. e4
O-O 9. c3 Bh5 10. e5 Ne8 11. Nb3 Nc7 12. Be3 a5 13. Nc1 Nb6 14. Nd3 Nc4 15. Bc1
a4 16. Nf4 Bg4 17. h3 Bf5 18. Nd2 b5 19. Bf1 Bg5 20. Nh5 Bg6 21. Nxc4 bxc4 22.
Bxg5 Qxg5 23. Nf4 Rfb8 24. Qc1 a3 25. b3 cxb3 26. axb3 Rxb3 27. Nxd5 Qxc1 28.
Ne7+ Kf8 29. Nxg6+ hxg6 30. Rexc1 Nd5 31. c4 Nc3 32. Bd3 a2 33. Kf1 Rd8 34. d5
cxd5 35. cxd5 exd5 36. Ke1 d4 37. Kd2 Rdb8 38. Bc2 Rb1 0-1

[Event "Najdorf Mem Open A 2016"]
[Site "Warsaw POL"]
[Date "2016.07.12"]
[Round "5.29"]
[White "Bartel, Marta"]
[Black "Socko, Monika"]
[Result "1/2-1/2"]
[WhiteTitle "WGM"]
[BlackTitle "GM"]
[WhiteElo "2260"]
[BlackElo "2462"]
[WhiteFideId "1123009"]
[BlackFideId "1106619"]
[EventDate "2016.07.08"]

1. d4 Nf6 2. c4 g6 3. Nc3 d5 4. Bg5 Ne4 5. Bh4 Nxc3 6. bxc3 dxc4 7. e3 Be6 8.
Be2 Bg7 9. Nh3 Bxh3 10. gxh3 O-O 11. Bxc4 c5 12. O-O Nc6 13. Rb1 Qc8 14. Qa4
Qxh3 15. Bg3 Qd7 16. Rfd1 Rad8 17. Bf1 h5 18. Qb5 cxd4 19. cxd4 Bf6 20. h3 b6
21. Rdc1 Rc8 22. Qa4 h4 23. Bh2 Qf5 24. Ba6 Na5 25. Bxc8 Rxc8 26. Rxc8+ Qxc8 27.
Kg2 Nc4 28. Qd1 Qc6+ 29. Kg1 b5 30. Rc1 Qe4 31. Qg4 Qd3 32. Qd1 Qe4 33. Qg4 Qd3
34. Qd1 Qe4 35. Qc2 Qf3 36. Qd1 Qe4 1/2-1/2

[Event "Najdorf Mem Open A 2016"]
[Site "Warsaw POL"]
[Date "2016.07.12"]
[Round "5.30"]
[White "Fakhrutdinov, Timur"]
[Black "Lysyj, Igor"]
[Result "1/2-1/2"]
[WhiteTitle "FM"]
[BlackTitle "GM"]
[WhiteElo "2350"]
[BlackElo "2663"]
[WhiteFideId "24176702"]
[BlackFideId "4150120"]
[EventDate "2016.07.08"]

1. e4 e5 2. Nf3 Nc6 3. Bb5 Nf6 4. O-O Nxe4 5. d4 Nd6 6. Bxc6 dxc6 7. dxe5 Nf5 8.
Qxd8+ Kxd8 9. h3 Be7 10. Nc3 Nh4 11. Rd1+ Ke8 12. Nxh4 Bxh4 13. g4 h5 14. f3 f6
15. exf6 gxf6 16. Kg2 Kf7 17. Bf4 hxg4 18. hxg4 f5 19. Rh1 Be6 20. Be5 Bf6 21.
Bxf6 Kxf6 22. Kg3 Rxh1 23. Rxh1 Rg8 24. Rh6+ Ke7 25. Rh7+ Kd8 26. Rh6 Bd7 27.
Rh2 fxg4 28. fxg4 Rxg4+ 29. Kf3 Rg8 30. Ke3 Kc8 31. Kd2 b6 32. Ne2 a5 33. b3 Rg4
34. c4 b5 35. cxb5 cxb5 36. Kc2 Kb7 37. Kb2 Kb6 38. Rf2 c6 39. Nc1 Rg3 40. Ne2
Re3 41. Nc3 Rh3 42. Ne4 Rh4 43. Nc3 Be6 44. Ne2 Bd5 45. Nf4 Be4 46. Ne2 Rh3 47.
a3 Bd5 48. Nc1 c5 49. Rf6+ Kb7 50. Rf2 Kc7 51. Rc2 Kd6 52. Rc3 Rh2+ 53. Rc2 Rh4
54. Ne2 b4 55. Nc1 Rd4 56. axb4 axb4 57. Rh2 Bf3 58. Rf2 Bg4 59. Rh2 Kd5 60. Rg2
Bf3 61. Rf2 Ke4 62. Rc2 Rd5 63. Rh2 Ke3 64. Rc2 Rh5 65. Ka2 Bd1 66. Rg2 Rd5 67.
Kb2 Kf3 68. Rh2 Kg3 69. Rh6 Bf3 70. Re6 Rd2+ 71. Kb1 Kf4 72. Re1 Bg4 73. Ka1 Bf3
74. Kb1 Be4+ 75. Ka1 Kf3 76. Na2 Bd5 77. Nc1 Kg4 78. Kb1 Kf5 79. Ka1 Kf6 80. Re3
Be6 81. Kb1 Ke7 82. Ka1 Kd6 83. Re1 Bd5 84. Re3 Kc6 85. Re1 Kb5 86. Kb1 Rg2 87.
Ka1 Rh2 88. Re5 Rd2 89. Re3 c4 90. bxc4+ Bxc4 91. Kb1 Ka4 92. Re4 Kb5 93. Re3
Rd5 94. Kc2 Ka4 95. Re4 Rc5 96. Kb2 Rc7 97. Rh4 Rc5 98. Rd4 Kb5 99. Rd2 Re5 100.
Rf2 Rh5 101. Rg2 Ka4 102. Rf2 Rh3 103. Rc2 Kb5 104. Rf2 Kc5 105. Rg2 Re3 106.
Rh2 Kd4 107. Rd2+ Ke4 108. Rh2 Rf3 109. Rh4+ Kd5 110. Rh2 Kd4 1/2-1/2

[Event "Najdorf Mem Open A 2016"]
[Site "Warsaw POL"]
[Date "2016.07.12"]
[Round "5.31"]
[White "Bok, Benjamin"]
[Black "Barski, Radoslaw"]
[Result "1-0"]
[WhiteTitle "GM"]
[WhiteElo "2613"]
[BlackElo "2346"]
[WhiteFideId "1017063"]
[BlackFideId "1131710"]
[EventDate "2016.07.08"]

1. e4 c5 2. Nf3 d6 3. d4 cxd4 4. Nxd4 Nf6 5. Nc3 a6 6. h3 e5 7. Nb3 Be6 8. f4
exf4 9. Bxf4 Nc6 10. Qe2 Qc7 11. O-O-O Be7 12. g4 Nd7 13. Kb1 O-O 14. Qe3 Rfe8
15. Qg3 Nce5 16. g5 Rac8 17. h4 b5 18. Rh2 Nb6 19. Bh3 b4 20. Nd5 Nxd5 21. exd5
Bxh3 22. Qxh3 a5 23. Nd4 Nc4 24. Nc6 Bf8 25. Qd3 Nb6 26. Nxa5 Qc5 27. Nb3 Qc4
28. Qxc4 Rxc4 29. Rf2 Ree4 30. Bg3 Rg4 31. Rf3 g6 32. Rdf1 Rc7 33. Rd1 Rcc4 34.
Kc1 h6 35. gxh6 Bxh6+ 36. Kb1 f5 37. h5 f4 38. Bf2 Nd7 39. Nd2 Rc8 40. Ne4 g5
41. Nxd6 Rf8 42. c4 Rg2 43. Bd4 g4 44. Rff1 Bg7 45. c5 Bxd4 46. Rxd4 Nxc5 47.
Rdxf4 Rxf4 48. Rxf4 Rxb2+ 49. Kxb2 Nd3+ 50. Kb3 Nxf4 51. Nf5 Nxd5 52. Nh6+ Kh7
53. Nxg4 Nf4 54. Kxb4 Nxh5 55. a4 Nf4 56. Kc5 Kg6 57. a5 Kf5 58. a6 Ne6+ 59. Kb6 1-0